[Event "Open Judit Polgár"]
[Site "SchemingMind.com"]
[Date "2011.10.20"]
[Round "-"]
[White "dadshane2000"]
[Black "mmccaffe"]
[Result "1-0"]
[WhiteCountry "USA"]
[BlackCountry "USA"]
[WhiteElo "2075"]
[WhiteRD "89"]
[BlackElo "1701"]
[BlackRD "58"]
[GameID "295461"]

1. e4 c5 2. Nf3 d6 3. d4 cxd4 4. Nxd4 Nf6 5. Nc3 e6 6. g4 Be7 7. g5 Nfd7 8. h4 Nc6 9. Be3 O-O 10. Qh5 g6
11. Qg4 Nde5 12. Qh3 Nxd4 13. Bxd4 Nc6 14. Be3 e5 15. Qg2 Nb4 16. O-O-O Qa5 17. Bc4 a6 18. a3 Nc6 19. Nd5 b5 20. Bb6 Qa4
21. Bb3
1-0

[Event "Open Judit Polgár"]
[Site "SchemingMind.com"]
[Date "2011.10.20"]
[Round "-"]
[White "PankracyRozumek"]
[Black "TRH"]
[Result "1-0"]
[WhiteCountry "POL"]
[BlackCountry "ENG"]
[WhiteElo "1999"]
[WhiteRD "79"]
[BlackElo "1966"]
[BlackRD "63"]
[GameID "295462"]

1. Nf3 g6 2. c4 Bg7 3. d4 Nf6 4. Nc3 O-O 5. e4 d6 6. Be2 e5 7. O-O Nc6 8. d5 Ne7 9. b4 Nh5 10. Re1 f5
11. Nh4
1-0

[Event "Open Judit Polgár"]
[Site "SchemingMind.com"]
[Date "2011.10.20"]
[Round "-"]
[White "mmccaffe"]
[Black "dadshane2000"]
[Result "0-1"]
[WhiteCountry "USA"]
[BlackCountry "USA"]
[WhiteElo "1666"]
[WhiteRD "60"]
[BlackElo "1992"]
[BlackRD "89"]
[GameID "295464"]

1. d4 Nf6 2. c4 g6 3. Nc3 d5 4. cxd5 Nxd5 5. e4 Nxc3 6. bxc3 e5 7. d5 Nd7 8. c4 Nc5 9. Be3 Nxe4 10. Bd3 Bb4+
11. Kf1 Nc5 12. Nf3 Nxd3 13. Qxd3 Bf5 14. Qb3 Qd6 15. Ke2 Bg4 16. a3 Bxf3+ 17. gxf3 Bc5 18. Qxb7 O-O 19. Qb2 Rfb8 20. Qc2 Kg7
21. Bxc5 Qxc5 22. a4 Rb4 23. Rhc1 Rab8 24. Qc3 Rb2+ 25. Rc2 Rxc2+ 26. Qxc2 Rb4 27. Qe4 f6 28. Qg4 f5 29. Qg5 Qxc4+ 30. Ke1 Qc3+
0-1

[Event "Open Judit Polgár"]
[Site "SchemingMind.com"]
[Date "2011.10.20"]
[Round "-"]
[White "TRH"]
[Black "PankracyRozumek"]
[Result "0-1"]
[WhiteCountry "ENG"]
[BlackCountry "POL"]
[WhiteElo "1966"]
[WhiteRD "63"]
[BlackElo "1999"]
[BlackRD "79"]
[GameID "295465"]

1. d4 Nf6 2. c4 g6 3. Nc3 Bg7 4. e4 d6 5. Nf3 O-O 6. Be2 e5 7. O-O Nc6 8. d5 Ne7 9. b4 Nh5 10. Re1 f5
11. Ng5 Nf4
0-1

[Event "Open Judit Polgár"]
[Site "SchemingMind.com"]
[Date "2011.10.24"]
[Round "-"]
[White "otsenrechess"]
[Black "jjb091"]
[Result "0-1"]
[WhiteCountry "HUN"]
[BlackCountry "USA"]
[WhiteElo "1823"]
[WhiteRD "45"]
[BlackElo "1881"]
[BlackRD "88"]
[GameID "295635"]

1. d4 Nf6 2. c4 e6 3. Nc3 Bb4 4. a3 Bxc3+ 5. bxc3 c5 6. e3 O-O 7. Bd3 Nc6 8. Ne2 b6 9. e4 Ne8 10. f4 Ba6
11. dxc5 bxc5 12. Be3 Qe7 13. Qa4 Nc7 14. e5 Rab8 15. O-O Bb7 16. Ng3 d5 17. exd6 Qxd6 18. Rfd1 Qe7 19. Be4 Qe8
0-1

[Event "Open Judit Polgár"]
[Site "SchemingMind.com"]
[Date "2011.10.24"]
[Round "-"]
[White "jjb091"]
[Black "otsenrechess"]
[Result "1-0"]
[WhiteCountry "USA"]
[BlackCountry "HUN"]
[WhiteElo "1881"]
[WhiteRD "88"]
[BlackElo "1823"]
[BlackRD "45"]
[GameID "295638"]

1. e4 c5 2. Nf3 d6 3. d4 cxd4 4. Nxd4 Nf6 5. Nc3 Nc6 6. Bg5 e6 7. Qd2 Be7 8. O-O-O O-O 9. f4 Nxd4 10. Qxd4 Qa5
11. e5 dxe5 12. Qxe5 Qxe5 13. fxe5 Nd5 14. Bxe7 Nxe7 15. Bd3 b6 16. Be4 Rb8 17. Rhe1 Bb7 18. Rd7
1-0

[Event "Open Judit Polgár"]
[Site "SchemingMind.com"]
[Date "2011.10.30"]
[Round "-"]
[White "docjan"]
[Black "Jari Laine"]
[Result "1/2-1/2"]
[WhiteCountry "SWE"]
[BlackCountry "FIN"]
[WhiteElo "2298"]
[WhiteRD "59"]
[BlackElo "2350"]
[BlackRD "73"]
[GameID "295779"]

1. e4 e5 2. f4 Bc5 3. Nf3 d6 4. c3 Bb6 5. d4 exd4 6. cxd4 Bg4 7. Be3 Nf6 8. Nc3 Nxe4 9. Nxe4 Qe7 10. Qa4+ Nd7
11. Bd3 d5 12. Nf6+ gxf6 13. Kf2 O-O-O 14. Rhe1 h5 15. f5 Qd6 16. h3 Bxf3 17. Kxf3 Ne5+ 18. dxe5 fxe5 19. Bxb6 e4+ 20. Bxe4 dxe4+
21. Rxe4 Qxb6 22. Rd1 Rxd1 23. Qxd1 Qb5 24. Kf4 Qxb2 25. Qd4 Qxd4 26. Rxd4 Rg8 27. g3 f6 28. Ra4 a6 29. Re4 Rf8 30. g4 hxg4
31. hxg4 Kd7 32. g5 fxg5+ 33. Kxg5 Re8 34. Rh4 c5 35. Rh7+ Re7 36. Rh2 c4 37. Kg6 c3 38. f6 Re1 39. Rg2 Ke6 40. f7 Rf1
41. Re2+ Kd5 42. Kg7 Kd4 43. f8=Q Rxf8 44. Kxf8 Kd3 45. Re7 b5 46. Rd7+ Ke2 47. Re7+ Kd2 48. Rd7+=
1/2-1/2

[Event "Open Judit Polgár"]
[Site "SchemingMind.com"]
[Date "2011.10.30"]
[Round "-"]
[White "Jari Laine"]
[Black "docjan"]
[Result "1-0"]
[WhiteCountry "FIN"]
[BlackCountry "SWE"]
[WhiteElo "2350"]
[WhiteRD "73"]
[BlackElo "2298"]
[BlackRD "59"]
[GameID "295785"]

1. e4 c5 2. Nf3 Nc6 3. d4 cxd4 4. Nxd4 e5 5. Nb5 d6 6. N1c3 a6 7. Na3 Nf6 8. Nc4 Be6 9. Bg5 Be7 10. Bxf6 gxf6
11. Ne3 Qa5 12. Bd3 Qb4 13. O-O Qxb2 14. Ned5 Qa3 15. Nc7+ Kd8 16. Nxa8 Qxc3 17. Nb6 Nd4 18. Nd5 Bxd5 19. exd5 f5 20. Qe1 Qxe1
21. Raxe1 e4 22. c3 Nf3+ 23. gxf3 exd3 24. Rd1 Rg8+ 25. Kh1 Bf6 26. Rxd3 Kc7 27. c4 b6 28. Rg1 Rc8 29. Rb3 h5 30. f4 h4
31. Kg2 Re8 32. Kf3 a5 33. Re3 Rc8 34. Ke2 b5 35. Rb1 b4 36. a3 Rb8 37. axb4 axb4 38. Kd1 Rb6 39. Kc2 Rb7 40. Reb3 Bd4
41. Rxb4 Rxb4 42. Rxb4 Bc5 43. Rb2 Kd7 44. Kd3 Kc7 45. Ke2 Bd4 46. Rb3 Kc8 47. Rb1 Kc7 48. Rg1 Bf6 49. Rg5
1-0

[Event "Open Judit Polgár"]
[Site "SchemingMind.com"]
[Date "2011.10.27"]
[Round "-"]
[White "John Hamer"]
[Black "mochiron"]
[Result "1-0"]
[WhiteCountry "ENG"]
[BlackCountry "JPN"]
[WhiteElo "1956"]
[WhiteRD "65"]
[BlackElo "1570"]
[BlackRD "75"]
[GameID "295849"]

1. d4 f5 2. e4 d6 3. Nc3 fxe4 4. Nxe4 g6 5. Nf3 Bg4 6. h3 Bxf3 7. Qxf3 Nf6 8. Nxf6+ exf6 9. Qxb7 Nd7 10. Bc4 Rb8
11. Qxa7 Rb4 12. b3 Rxc4 13. bxc4 Kf7 14. O-O h5 15. Rb1 Bh6 16. Bxh6 Rxh6 17. Rb7 Rh7 18. Rxc7 Kg8 19. Rxd7 Rxd7 20. Qa6 g5
21. Rb1 g4 22. hxg4 hxg4 23. Qc6 Qe8 24. Qd5+ Kg7 25. Qf5 Kg8 26. Qxg4+= Rg7 27. Qf5 Qa8 28. Qe6+ Kh8 29. g3 Qf3 30. Qh3+ Kg8
31. Rb8+ Kf7 32. a4 Qd1+ 33. Kg2 Qxd4 34. Qh5+ Ke7 35. Qe8#
1-0

[Event "Open Judit Polgár"]
[Site "SchemingMind.com"]
[Date "2011.10.28"]
[Round "-"]
[White "mochiron"]
[Black "John Hamer"]
[Result "0-1"]
[WhiteCountry "JPN"]
[BlackCountry "ENG"]
[WhiteElo "1584"]
[WhiteRD "78"]
[BlackElo "1964"]
[BlackRD "65"]
[GameID "295853"]

1. b4 Nf6 2. Bb2 e6 3. e3 d5 4. Nf3 Bxb4 5. Bb5+ c6 6. Be2 O-O 7. a3 Bd6 8. d4 Nbd7 9. O-O Qc7 10. g3 c5
11. dxc5 Bxc5 12. Bxf6 Nxf6 13. Nh4 e5 14. Nc3 Bh3 15. Nb5 Qc8 16. Re1 a6 17. Nc3 d4 18. Na4 dxe3 19. Nxc5 exf2+ 20. Kxf2 Qxc5+
21. Kf3 e4+ 22. Kf4 g5#
0-1

[Event "Open Judit Polgár"]
[Site "SchemingMind.com"]
[Date "2011.10.29"]
[Round "-"]
[White "John Galvin"]
[Black "banong"]
[Result "1-0"]
[WhiteCountry "USA"]
[BlackCountry "PHI"]
[WhiteElo "2175"]
[WhiteRD "101"]
[BlackElo "1647"]
[BlackRD "61"]
[GameID "295927"]

1. e4 e5 2. Nf3 Nc6 3. Nc3 d6 4. d4 Bg4 5. Bb5 a6 6. Bxc6+ bxc6 7. dxe5 Bxf3 8. Qxf3 Ne7 9. exd6 cxd6 10. Ne2 g6
11. Qc3 Rg8 12. O-O Bg7 13. Qa3 a5 14. Rd1 c5 15. Bf4 Nc8 16. e5 Bf8 17. Nc3 Ra6 18. Ne4 d5 19. Qb3 c4 20. Qb5+
1-0

[Event "Open Judit Polgár"]
[Site "SchemingMind.com"]
[Date "2011.10.29"]
[Round "-"]
[White "banong"]
[Black "John Galvin"]
[Result "0-1"]
[WhiteCountry "PHI"]
[BlackCountry "USA"]
[WhiteElo "1647"]
[WhiteRD "61"]
[BlackElo "2175"]
[BlackRD "101"]
[GameID "295931"]

1. e4 c5 2. Nf3 e6 3. Nc3 a6 4. Bc4 b5 5. Be2 Nc6 6. O-O Bb7 7. d3 Nf6 8. Bg5 Qc7 9. h3 Be7 10. a3 O-O
11. Nh2 Nd4 12. Ng4 Nxg4 13. Bxg4 Bxg5 14. Ne2 f5 15. Nxd4 fxg4 16. Qxg4 cxd4 17. Qxg5 Qxc2
0-1

[Event "Open Judit Polgár"]
[Site "SchemingMind.com"]
[Date "2011.11.03"]
[Round "-"]
[White "eandrews"]
[Black "kenneth m day"]
[Result "0-1"]
[WhiteCountry "USA"]
[BlackCountry "USA"]
[WhiteElo "1619"]
[WhiteRD "104"]
[BlackElo "1872"]
[BlackRD "55"]
[GameID "296322"]

1. e4 e6 2. d4 d5 3. e5 c5 4. b3 cxd4 5. Nf3 Nc6 6. Bd3 Bc5 7. O-O Nge7 8. Bg5 h6 9. Bh4 O-O 10. a3 Qd7
11. c4 Ng6 12. Bg3 Bb6 13. Qe1 Bc7 14. b4 dxc4 15. Bxc4 a6 16. Nbd2 b5 17. Ba2 Bb7 18. Qe2 Nce7 19. Rfc1 Nf5 20. Qd3 Nxg3
21. hxg3 Nxe5 22. Qxd4 Nxf3+ 23. Nxf3 Qxd4 24. Nxd4 Be5 25. Nxe6 fxe6 26. Bxe6+ Kh8 27. Ra2 Rad8 28. Re2 Bf6 29. g4 Bd5 30. Bf5 Bc4
31. Re4 Bb2 32. Rb1 Bf6 33. Re3 Rd2 34. Rbe1 Rdd8 35. g3 Bg5 36. f4 Bf6 37. Kh2 Bd4 38. Re4 Bd3 39. Re6 Bxf5 40. gxf5 Rxf5
41. Rxa6 Rh5+ 42. Kg2 Bc3 43. Re3 Rd2+ 44. Kf3 Bd4 45. Re8+ Kh7 46. a4 Rf2+ 47. Kg4 Rd5 48. Re4 h5+ 49. Kh3 Bf6 50. Re1 Rdd2
51. Rh1 Rb2 52. axb5 Rxb4 53. Ra5 Rfb2 54. b6 Kh6 55. Rf1 Rxb6 56. Rf3 Rb1 57. Ra2 R6b3 58. Kg2 Rxf3 59. Kxf3 Rb3+ 60. Kg2 Rb2+
61. Rxb2 Bxb2 62. Kh3 Kg6 63. Kg2 Kf5 64. Kf3 Bc3 65. Kf2 Kg4
0-1

[Event "Open Judit Polgár"]
[Site "SchemingMind.com"]
[Date "2011.11.03"]
[Round "-"]
[White "kenneth m day"]
[Black "eandrews"]
[Result "1-0"]
[WhiteCountry "USA"]
[BlackCountry "USA"]
[WhiteElo "1897"]
[WhiteRD "56"]
[BlackElo "1624"]
[BlackRD "98"]
[GameID "296327"]

1. e4 c5 2. Nf3 Nc6 3. Nc3 f6 4. Bc4 e6 5. O-O Bd6 6. d3 Bc7 7. Be3 d6 8. Nh4 Nge7 9. Qh5+ Ng6 10. Nxg6 Kd7
11. Qg4 Re8 12. Nf4 f5 13. exf5 Qf6 14. Nxe6 Ba5 15. Qxg7+ Qxg7 16. Nxg7 Rd8 17. Nb5 Nb4 18. c3 a6 19. cxb4 Kc6 20. Nc3 Bxb4
21. Bd5+ Kb6 22. Na4+ Ka5 23. b3 Kb5 24. a3 Ba5 25. Rfc1 Bb6 26. Nc3+
1-0

[Event "Open Judit Polgár"]
[Site "SchemingMind.com"]
[Date "2011.11.07"]
[Round "-"]
[White "emvarela"]
[Black "ajswegiel"]
[Result "0-1"]
[WhiteCountry "ARG"]
[BlackCountry "POL"]
[WhiteElo "1815"]
[WhiteRD "51"]
[BlackElo "2101"]
[BlackRD "135"]
[GameID "296503"]

1. e4 e6 2. d4 d5 3. Nc3 Nf6 4. e5 Nfd7 5. f4 c5 6. Nf3 Nc6 7. Be3 a6 8. Qd2 b5 9. dxc5 Bxc5 10. Bxc5 Nxc5
11. Qf2 Qb6 12. Nd4 b4 13. Nxc6 Qxc6 14. Nd1 Ne4 15. Qe2 Bb7 16. g3 Rc8 17. Ne3 O-O 18. Bg2 d4 19. Qd3 dxe3
0-1

[Event "Open Judit Polgár"]
[Site "SchemingMind.com"]
[Date "2011.11.09"]
[Round "-"]
[White "The Capitalist"]
[Black "eun77"]
[Result "1-0"]
[WhiteCountry "USA"]
[BlackCountry "ISR"]
[WhiteElo "1457"]
[WhiteRD "78"]
[BlackElo "1263"]
[BlackRD "69"]
[GameID "296505"]

1. e4 d5 2. exd5 Qxd5 3. Nc3 Qd8 4. d4 h6 5. Bc4 e6 6. Nf3 Nf6 7. h3 Be7 8. O-O a6 9. Re1 O-O 10. Ne5 Nbd7
11. Nxd7 Bxd7 12. Ne4 b5 13. Bd3 Nxe4 14. Bxe4 Rb8 15. Qg4 f5 16. Qg3 fxe4 17. Bxh6 Bf6 18. Rxe4 Rf7 19. c3 Kf8 20. Bd2 Ke7
21. Bg5 Bxg5 22. Qxg5+ Ke8 23. Qxd8+ Rxd8 24. Rae1 c6 25. f4 Ke7 26. g3 g6 27. b4 Bc8 28. h4 Kd7 29. Rxe6
1-0

[Event "Open Judit Polgár"]
[Site "SchemingMind.com"]
[Date "2011.11.07"]
[Round "-"]
[White "ajswegiel"]
[Black "emvarela"]
[Result "1-0"]
[WhiteCountry "POL"]
[BlackCountry "ARG"]
[WhiteElo "2108"]
[WhiteRD "124"]
[BlackElo "1819"]
[BlackRD "48"]
[GameID "296513"]

1. d4 Nf6 2. c4 e6 3. Nc3 Bb4 4. e3 O-O 5. Ne2 d5 6. cxd5 exd5 7. g3 Bxc3+ 8. Nxc3 Be6 9. Bg2 c6 10. O-O Qd7
11. f3 b5 12. a4 bxa4 13. Nxa4 Qc7 14. Nc5 Nfd7 15. Nxe6 fxe6 16. Bh3 e5 17. b4 exd4 18. Qxd4 Nf6 19. Bb2 Nbd7 20. Ra6 Nb6
21. Rfa1 Nc4 22. Rxa7 Rxa7 23. Rxa7 Qd6 24. Bc3 Re8 25. e4 h6 26. Bf5 dxe4 27. Qxc4+ Kh8 28. Bxe4
1-0

[Event "Open Judit Polgár"]
[Site "SchemingMind.com"]
[Date "2011.11.10"]
[Round "-"]
[White "eun77"]
[Black "The Capitalist"]
[Result "0-1"]
[WhiteCountry "ISR"]
[BlackCountry "USA"]
[WhiteElo "1283"]
[WhiteRD "78"]
[BlackElo "1488"]
[BlackRD "69"]
[GameID "296515"]

1. d4 Nf6 2. e3 d5 3. h3 Nc6 4. Nf3 h6 5. Be2 Ne4 6. a3 f6 7. O-O g5 8. Nh2 e5 9. dxe5 h5 10. exf6 Nxf6
11. f3 Qd6 12. b4 Bd7 13. Bb2 g4 14. fxg4 hxg4 15. Rxf6 Qe7 16. Nxg4 Bxg4 17. Bxg4 Qxe3+ 18. Rf2 Rg8 19. Kf1 Be7 20. Re2 Qf4+
21. Rf2 Bh4 22. Rxf4 Bg5 23. Qxd5 Ne7 24. Bd7+ Kd8 25. Qxg8+ Nxg8 26. Rf8+ Kxd7 27. Rxa8 Ne7 28. Rxa7 b5 29. Be5 Ke6 30. Bxc7 Nd5
31. Bg3 Ne3+ 32. Ke2 Nxc2 33. Ra2 Nd4+ 34. Kf2 Nf5 35. Re2+ Kf6 36. Ra6+ Kf7 37. Re5 Nxg3 38. Kxg3 Bf6
0-1

[Event "Open Judit Polgár"]
[Site "SchemingMind.com"]
[Date "2011.11.07"]
[Round "-"]
[White "CLewis73"]
[Black "Clive Everill"]
[Result "1-0"]
[WhiteCountry "ENG"]
[BlackCountry "CZE"]
[WhiteElo "1956"]
[WhiteRD "82"]
[BlackElo "1816"]
[BlackRD "51"]
[GameID "296551"]

1. d4 f5 2. Nc3 Nf6 3. Bg5 d5 4. Qd2 e6 5. f3 Be7 6. O-O-O h6 7. Bxf6 Bxf6 8. Kb1 O-O 9. e4 fxe4 10. fxe4 Bg5
11. Qe1 c6 12. Nf3 Be7 13. Bd3 Bb4 14. a3 Ba5 15. Rf1 Nd7 16. exd5 exd5 17. Qe6+ Kh8 18. Qg6 Nf6 19. Ne5 Be6 20. Rxf6 Bg8
21. Rf7 Qg5 22. Qxg5 hxg5 23. Rxf8 Rxf8 24. Ng6+
1-0

[Event "Open Judit Polgár"]
[Site "SchemingMind.com"]
[Date "2011.11.12"]
[Round "-"]
[White "maro"]
[Black "vista"]
[Result "1-0"]
[WhiteCountry "MEX"]
[BlackCountry "JPN"]
[WhiteElo "1385"]
[WhiteRD "55"]
[BlackElo "1209"]
[BlackRD "103"]
[GameID "296553"]

1. e4 d5 2. d4 e5 3. dxe5 c6 4. Qd4 Be6 5. exd5 cxd5 6. Bb5+ Bd7 7. Qxd5 g6 8. Nc3 Bxb5 9. Qxb5+ Nc6 10. Qxb7 Nxe5
11. Qb5+ Nd7 12. Bf4 Qe7+ 13. Nge2 Bg7 14. O-O-O Qe6 15. Nd4 Qf6 16. Rhe1+ Ne7 17. Nc6 Qxf4+ 18. Kb1 O-O 19. Nxe7+ Kh8 20. Ned5 Qf5
21. f3 Rab8 22. Qc6 Rfe8 23. Ne7 Rb6 24. Qc7 Qf6 25. Qxd7 Rd8 26. Qxa7 Rxd1+ 27. Rxd1 h6 28. Qa8+
1-0

[Event "Open Judit Polgár"]
[Site "SchemingMind.com"]
[Date "2011.11.07"]
[Round "-"]
[White "Clive Everill"]
[Black "CLewis73"]
[Result "0-1"]
[WhiteCountry "CZE"]
[BlackCountry "ENG"]
[WhiteElo "1785"]
[WhiteRD "52"]
[BlackElo "1971"]
[BlackRD "84"]
[GameID "296557"]

1. e4 e6 2. d4 d5 3. Nd2 Nf6 4. e5 Nfd7 5. c3 c5 6. Bd3 Nc6 7. Ngf3 Be7 8. O-O a5 9. a4 cxd4 10. cxd4 Nb4
11. Bb5 b6 12. Re1 Ba6 13. Bxa6 Rxa6 14. Nb1 O-O 15. Nc3 Ra8 16. Nb5 Nb8 17. Bd2 Nd3 18. Re2 Nxb2 19. Qc2 Nc4 20. Bf4 Nc6
21. Nd2 Na7 22. Nxa7 Rxa7 23. Nf3 Rc7 24. Qd3 h6 25. Rc2 Qd7 26. Nd2 Rfc8 27. Nxc4 Rxc4 28. Rxc4 dxc4 29. Qg3 Qxd4 30. Rf1 c3
31. Bxh6 Bf8 32. Bc1 Qxa4 33. f4 Bc5+ 34. Be3 c2 35. f5 exf5 36. Rxf5 c1=Q+
0-1

[Event "Open Judit Polgár"]
[Site "SchemingMind.com"]
[Date "2011.11.12"]
[Round "-"]
[White "vista"]
[Black "maro"]
[Result "0-1"]
[WhiteCountry "JPN"]
[BlackCountry "MEX"]
[WhiteElo "1209"]
[WhiteRD "103"]
[BlackElo "1385"]
[BlackRD "55"]
[GameID "296559"]

1. d4 d5 2. e4 dxe4 3. Bb5+ Bd7 4. Bxd7+ Qxd7 5. Nc3 Nf6 6. Bg5 Qf5 7. Bxf6 Qxf6 8. Nxe4 Qe6 9. Qf3 Nc6 10. O-O-O Qxa2
11. Nc3 Qa1+ 12. Nb1 e6 13. Qa3 Qxa3 14. bxa3 O-O-O 15. Nf3 Be7 16. Ne5 Nxe5 17. dxe5 Bg5+ 18. Kb2 f5 19. Rxd8+ Rxd8 20. Nc3 Bd2
21. Nb1 Bf4 22. g3 Bxe5+ 23. Ka2 b5 24. Re1 Bf6 25. Rxe6 c5 26. c3 c4 27. Rc6+ Kb7 28. Rc5 g6 29. Kb2 Kb6 30. Rxb5+ Kxb5
31. f3 a5 32. Nd2 Rxd2+
0-1

[Event "Open Judit Polgár"]
[Site "SchemingMind.com"]
[Date "2011.11.10"]
[Round "-"]
[White "Scooter"]
[Black "Lanaroon"]
[Result "1-0"]
[WhiteCountry "USA"]
[BlackCountry "ENG"]
[WhiteElo "1786"]
[WhiteRD "54"]
[BlackElo "1649"]
[BlackRD "77"]
[GameID "296667"]

1. d4 Nf6 2. Nf3 g6 3. Bf4 d6 4. e3 Bg7 5. Be2 O-O 6. O-O Nbd7 7. Nbd2 Nh5 8. Bg5 f5 9. c4 c5 10. Rb1 cxd4
11. Nxd4 Bxd4 12. exd4 Nhf6 13. b4 Nb6 14. Qb3 Be6 15. d5 Bf7 16. a4 Nbxd5 17. cxd5 Nxd5 18. Bc4 Nb6 19. Bh6 Nxc4 20. Nxc4 Bxc4
21. Qxc4+ Rf7 22. Rbc1 d5 23. Qc7 e6 24. Qe5 Qd7 25. b5 Rc8 26. Rxc8+ Qxc8 27. Rc1 Qd7 28. Qb8+
1-0

[Event "Open Judit Polgár"]
[Site "SchemingMind.com"]
[Date "2011.11.09"]
[Round "-"]
[White "Lanaroon"]
[Black "Scooter"]
[Result "0-1"]
[WhiteCountry "ENG"]
[BlackCountry "USA"]
[WhiteElo "1649"]
[WhiteRD "77"]
[BlackElo "1786"]
[BlackRD "54"]
[GameID "296669"]

1. e4 c6 2. d4 d5 3. Nc3 dxe4 4. Nxe4 Bf5 5. Ng3 Bg6 6. h4 h6 7. Nf3 Nd7 8. h5 Bh7 9. Bd3 Bxd3 10. Qxd3 Qc7
11. Bd2 Ngf6 12. O-O-O e6 13. Ne4 O-O-O 14. g3 Nxe4 15. Qxe4 Nf6 16. Qe2 Bd6 17. c4 c5 18. Bc3 cxd4 19. Nxd4 Bc5 20. Rh4 Bxd4
21. Bxd4 Qa5 22. Bxf6 gxf6 23. Rhd4 Qxa2 24. Rxd8+ Rxd8 25. Rxd8+ Kxd8 26. Qd3+ Ke7 27. Qa3+ Qxa3 28. bxa3 Kd6 29. Kc2 Ke5 30. Kc3 Ke4
31. Kb4 Kd4 32. a4 f5 33. c5 a5+ 34. Kb5 Kd5 35. Kxa5 Kxc5 36. f3 e5
0-1

[Event "Open Judit Polgár"]
[Site "SchemingMind.com"]
[Date "2011.11.13"]
[Round "-"]
[White "Olli Ylönen"]
[Black "lennart"]
[Result "1-0"]
[WhiteCountry "FIN"]
[BlackCountry "SWE"]
[WhiteElo "1778"]
[WhiteRD "48"]
[BlackElo "1506"]
[BlackRD "53"]
[GameID "296776"]

1. e4 e5 2. Nf3 Nc6 3. Bb5 Nce7 4. Nxe5 c6 5. Bc4 d5 6. exd5 cxd5 7. Bb5+ Nc6 8. Nxc6 Qd6 9. Qe2+ Be6 10. Nd4+ Kd8
11. Nxe6+ Qxe6 12. Qxe6 fxe6 13. O-O Rc8 14. c3 Kc7 15. Ba4 Kb8 16. Bd7 Rc5 17. Bxe6 Nf6 18. d4 Rc6 19. Re1 Bd6 20. Bg5 Ne4
21. Bxd5 Nxg5 22. Bxc6
1-0

[Event "Open Judit Polgár"]
[Site "SchemingMind.com"]
[Date "2011.11.11"]
[Round "-"]
[White "san_pendal"]
[Black "César Jesús Reyes Maldonado"]
[Result "0-1"]
[WhiteCountry "IND"]
[BlackCountry "VEN"]
[WhiteElo "1476"]
[WhiteRD "115"]
[BlackElo "2426"]
[BlackRD "54"]
[GameID "296778"]

1. e3 d5 2. b3 Nf6 3. Bb2 Nbd7 4. g3 e5 5. Bg2 Bd6 6. d3 O-O 7. Nd2 Qe7 8. Ne2 h6 9. h4 Nc5 10. d4 exd4
11. Bxd4 Bg4 12. Bxf6 Qxf6 13. Bxd5 Be5 14. Rb1 Rad8 15. b4 Rxd5 16. bxc5 Rfd8 17. f3 Bxf3 18. Rf1 Bxe2 19. Kxe2 Qa6+ 20. c4 Rxd2+
21. Qxd2 Qxc4+ 22. Ke1 Rxd2 23. Kxd2 Bc3+ 24. Kc2 Bb4+ 25. Kd1 Qd3+ 26. Kc1 Qd2#
0-1

[Event "Open Judit Polgár"]
[Site "SchemingMind.com"]
[Date "2011.11.12"]
[Round "-"]
[White "lennart"]
[Black "Olli Ylönen"]
[Result "0-1"]
[WhiteCountry "SWE"]
[BlackCountry "FIN"]
[WhiteElo "1506"]
[WhiteRD "53"]
[BlackElo "1778"]
[BlackRD "48"]
[GameID "296784"]

1. e4 c5 2. Nc3 Nc6 3. d3 g6 4. Nce2 Bg7 5. c3 Nf6 6. Nf3 O-O 7. Nf4 d6 8. h3 b5 9. a3 a5 10. d4 Nxe4
11. Qd3 Bf5 12. Qxb5 Qc7 13. Nd5 Qd7 14. Nb6 Qe6 15. Nxa8 Nxc3+ 16. Qe2 Nxe2 17. Bxe2 Rxa8 18. dxc5 dxc5 19. Be3 Bxb2 20. Rd1 Bxa3
21. O-O c4 22. Nd4 Nxd4 23. Rxd4 Rc8 24. g4 Bc2 25. Bd1 Bxd1 26. Rfxd1 Bd6 27. Bc1 a4 28. Bb2 a3 29. Bc3 a2 30. R4d2 Be5
31. Re2 Bxc3
0-1

[Event "Open Judit Polgár"]
[Site "SchemingMind.com"]
[Date "2011.11.11"]
[Round "-"]
[White "César Jesús Reyes Maldonado"]
[Black "san_pendal"]
[Result "1-0"]
[WhiteCountry "VEN"]
[BlackCountry "IND"]
[WhiteElo "2426"]
[WhiteRD "54"]
[BlackElo "1476"]
[BlackRD "115"]
[GameID "296786"]

1. e4 e6 2. d4 b6 3. Nf3 Bb7 4. Nc3 Bb4 5. Bd3 Na6 6. O-O h6 7. Qe2 Qc8 8. e5 g5 9. Nd2 Be7 10. f4 d6
11. fxg5 hxg5 12. Nde4 Nb4 13. Bb5+ Bc6 14. d5 exd5 15. Nxd5 a6 16. exd6 Bxb5 17. Nef6+ Nxf6 18. Qxe7#
1-0

[Event "Open Judit Polgár"]
[Site "SchemingMind.com"]
[Date "2011.12.06"]
[Round "-"]
[White "Olli Ylönen"]
[Black "Scooter"]
[Result "0-1"]
[WhiteCountry "FIN"]
[BlackCountry "USA"]
[WhiteElo "1768"]
[WhiteRD "52"]
[BlackElo "1786"]
[BlackRD "54"]
[GameID "298516"]

1. e4 c6 2. d4 d5 3. exd5 cxd5 4. c4 Nf6 5. Nc3 Bf5 6. Qb3 e6 7. Qxb7 Nbd7 8. c5 e5 9. c6 Rb8 10. cxd7+ Bxd7
11. Qxa7 Ra8 12. Qb7 Rb8 13. Qa6 exd4 14. Qe2+ Be7 15. Nd1 O-O 16. b3 Re8 17. Bd2 Bc5 18. Ne3 dxe3 19. fxe3 Ng4 20. Qf3 Rxe3+
21. Bxe3 Nxe3 22. Bd3 Qa5+ 23. Ke2 Bg4
0-1

[Event "Open Judit Polgár"]
[Site "SchemingMind.com"]
[Date "2011.12.06"]
[Round "-"]
[White "Scooter"]
[Black "Olli Ylönen"]
[Result "0-1"]
[WhiteCountry "USA"]
[BlackCountry "FIN"]
[WhiteElo "1786"]
[WhiteRD "54"]
[BlackElo "1768"]
[BlackRD "52"]
[GameID "298521"]

1. d4 e6 2. Nf3 Nf6 3. Bg5 c5 4. c3 d5 5. e3 Nbd7 6. Bb5 Qb6 7. Qb3 c4 8. Bxd7+ Nxd7 9. Qxb6 axb6 10. Nbd2 b5
11. O-O f6 12. Bf4 g5 13. Bg3 b4 14. cxb4 Bxb4 15. a3 Bxd2 16. Nxd2 b5 17. b4 cxb3 18. Nxb3 Nb6 19. Bd6 Nc4 20. Bb4 e5
21. dxe5 fxe5 22. Rfd1 Be6 23. Nc5 Bf7 24. a4 bxa4 25. Rxa4 Rxa4 26. Nxa4 Kd7 27. Nc5+ Kc6 28. Nd3 Re8 29. Ra1 h5 30. Ra7 Be6
31. Be7 g4 32. Ra6+ Kd7 33. Nc5+ Kxe7 34. Rxe6+ Kf7 35. Rh6 Rc8 36. Nd3 e4 37. Nf4 Ne5 38. h3 gxh3 39. Nxh3 Rc1+ 40. Kh2 Ng4+
0-1

[Event "Open Judit Polgár"]
[Site "SchemingMind.com"]
[Date "2011.12.22"]
[Round "-"]
[White "CLewis73"]
[Black "kingsman2"]
[Result "1-0"]
[WhiteCountry "ENG"]
[BlackCountry "NIR"]
[WhiteElo "1997"]
[WhiteRD "86"]
[BlackElo "1386"]
[BlackRD "184"]
[GameID "299597"]

1. d4 d5 2. Nc3 Nf6 3. Bg5 e6 4. e4 Be7 5. e5 Nfd7 6. h4 Bxg5 7. hxg5 Qxg5 8. Qd3 c6 9. Nf3 Qg6 10. Qd2 b5
11. O-O-O Na6 12. Bd3 Qxg2 13. Nh4 Qg4 14. Be2 Qxe2 15. Nxe2 O-O 16. Rdg1
1-0

[Event "Open Judit Polgár"]
[Site "SchemingMind.com"]
[Date "2011.12.24"]
[Round "-"]
[White "kingsman2"]
[Black "CLewis73"]
[Result "0-1"]
[WhiteCountry "NIR"]
[BlackCountry "ENG"]
[WhiteElo "1493"]
[WhiteRD "166"]
[BlackElo "2041"]
[BlackRD "86"]
[GameID "299599"]

1. d4 e6 2. e4 d5 3. Nc3 Bb4 4. Bd2 dxe4 5. Nxe4 Qxd4 6. Nc3 Nf6 7. Nf3 Qb6 8. Na4 Bxd2+ 9. Qxd2 Qd6 10. Bd3 b6
11. O-O O-O 12. Nc3 Bb7 13. Ne4 Bxe4 14. Bxe4 Nxe4 15. Qe3 Nf6 16. Rad1 Qb4 17. b3 Nd5 18. Qe5 Nc6 19. Qb2 Rad8 20. a3 Qc3
21. Qc1 Nf6 22. h3 Rxd1 23. Qxd1 Rd8 24. Qe1 Qxc2 25. Qc1 Qxc1 26. Rxc1 Rd6 27. b4 Nd5 28. Rc4 Nce7 29. g3 Rc6 30. Rh4 Rc3
31. Ng5 Nf5 32. Kg2 Nxh4+ 33. gxh4 Rxa3
0-1